Malá Fatra - pohľad s Chlebu

Zobrazenie: Pohľad s Chlebu na zasneženú scenériu pri západe slnka

Bibliographic Details
Format: Postcard
Language:Slovak
PhysicalDescription:1 pohľadnica čiernobiela 15 x 11 cm
Published: Bratislava Tvar 1953
Subjects:

MARC

LEADER 00000nkm a2200000 a 4500
001 vtls011974171
003 SK-MaSNL
005 20260512124330.0
007 kp bo
008 231120s1953 xo g kuslo
015 |a SNBG1953 
035 |a urn:nbn:sk:snk-km00egef 
035 |a urn:nbn:sk:snk-km43cm9 
035 |a 664F4897-33ED-4D9C-8E02-4214EB73A00C 
040 |a SNK  |b slo  |c SNK  |e AACR2 
041 0 |a slo 
043 |a e-xo--- 
044 |a xo  |c SK 
072 7 |a 908(437)  |x Vlastiveda Česka a Slovenska  |2 konspekt 
080 |a (084.121)  |2 2011 
080 |a 908(437.6)  |2 2011 
080 |a (234.372.4)  |2 2011 
080 |a 551.24.055  |2 2011 
245 0 0 |a Malá Fatra - pohľad s Chlebu  |h grafika 
260 |a Bratislava  |b Tvar  |c 1953 
300 |a 1 pohľadnica  |b čiernobiela  |c 15 x 11 cm 
520 8 |a Zobrazenie: Pohľad s Chlebu na zasneženú scenériu pri západe slnka 
650 0 7 |a vrchy a štíty  |2 SNKPH  |9 165131 
651 7 |a Malá Fatra (Slovensko : pohorie)  |2 SNKPHgeo  |9 56372 
651 7 |a Chleb (Malá Fatra, Slovensko : vrch)  |2 SNKPHgeo  |9 160495 
655 7 |a geografické pohľadnice  |2 SNKPH  |9 70522 
852 |a Slovenská národná knižnica 
954 |a pohľadnice pôvodné (slovenské)  |2 lita 
958 |a GC 
958 |a OND 
958 |a GBN 
958 |a EUIPO 
999 |c 866449  |d 868379 
952 |a SNK  |b SNK  |y PREZ  |7 0  |p 17A1378750  |o snkSP 109454  |z Pohľadnica prešla poštou.  |0 0  |1 0  |4 0  |d 2020-06-16  |f 1  |l 0  |r 2026-02-24 05:29:19  |w 2026-02-24